00302pab a2200121 454500008004000000100001800040245005900058260000900117300001600126362000800142650001200150773001800162180718b2003 xxu||||| |||| 00| 0 eng d aTaylor, Nigel aThe aesthetic experience of traffic in the modern city c2003 ap.1609-625. aJul aTraffic aUrban Studies